La hojarasca

Novela en la que transcurre como tema principal, el entierro de un médico del pueblo Macondo. Introduciendo por primera vez este pueblo ficticio creado por el escritor. Narra las penurias del padre, su hija y nieto, que contra la voluntad del pueblo, le dan un entierro digno al doctor.

保存先:
書誌詳細
第一著者: García Márquez, Gabriel
フォーマット: 図書
言語:Undetermined
出版事項: Colombia La oveja negra 1985
主題:
タグ: タグ追加
タグなし, このレコードへの初めてのタグを付けませんか!

MARC

LEADER 00000nam a2200000Ia 4500
008 170316s9999 xx 000 0 und d
040 |a cru BVZT 
090 |a 860 G-12h 
100 |a García Márquez, Gabriel  |9 985 
245 |a La hojarasca 
260 |a Colombia 
260 |b La oveja negra 
260 |c 1985 
300 |a 91 páginas 
520 |a Novela en la que transcurre como tema principal, el entierro de un médico del pueblo Macondo. Introduciendo por primera vez este pueblo ficticio creado por el escritor. Narra las penurias del padre, su hija y nieto, que contra la voluntad del pueblo, le dan un entierro digno al doctor. 
650 |a LITERATURA LATINOAMERICANA  |9 15 
999 |c 8705  |d 8705 
942 |c 4 D  |h 860 G-12h  |2 z